00501nam a2200157Ia 4500082002300000245007500023260004200098300001000140504001900150650005700169650003900226650001600265650003000281650001500311700001700326 a352.630954792 LEA; 0aLeadership and bureacucracy in developmental process: an ICSSR project aBombaybOxford & IBH Publishingc1985 a188p. aIncludes index aAdministrative and political divisions - Maharashtra aPolitical leadership - Maharashtra aBureaucrats aBureaucracy - Maharashtra aLeadership aTawale, S.N.